| 000 | 00471cam a2200181ua 4500 | ||
|---|---|---|---|
| 020 |
_a81 86340 38 6 _c100.00 |
||
| 041 |
_aeng _h |
||
| 082 |
_a005.133 _bTYL/CP |
||
| 100 | _aTyler, Andrew . | ||
| 245 |
_aC++ real time 3D graphics / _cAndrew Tylor. _hTextual Documents |
||
| 250 |
_a1 / _b. |
||
| 260 |
_aNewdelhi : _bGalgolia publications pvt ltd , _c1994. |
||
| 300 | _a255 ; . | ||
| 365 | _a100.00 | ||
| 504 | _a | ||
| 942 | _cBK | ||
| 999 |
_c9506 _d9506 |
||